02487cam a22004095i 4500999001700000001000900017003000900026005001700035008004100052020001500093020001800108040003800126043003000164082002000194100003500214245012200249264006100371264001000432264004100442300002900483336002600512337002800538338002700566504005100593505055100644520027001195650005501465650003501520650003501555651005201590651005201642653002701694856010601721856009201827942001201919952014601931 c27656d2762713025016EG-ScBUE20190929135038.0021209t2003 mdu f b 001 0 eng d a0742526992 a9780742526990 aDLCbengerdacDLCdDLCdEG-ScBUE ama-----aa-is---an-us---04a956.04bCHO2221 aChomsky, Noam,eauthor.92721010aMiddle East illusions :bincluding peace in the Middle East? : reflections on justice and nationhood /cNoam Chomsky. 1aLanham, Md. : bRowman & Littlefield Publishers,c[2003] 4cc2003 2aLanham, Md. :bNational Book Network axiii, 299 pages ;c23 cm atextbtxt2rdacontent aunmediatedbn2rdamedia avolumebnc2rdacarrier aIncludes bibliographical references and index.0 aPeace in the Middle East? -- The 1967 war and the 1970s -- Nationalism and conflict in Palestine -- A radical perspective -- Reflections on a national conflict -- The fourth round -- The peace movement and the Middle East -- Intifada, Israel and the United States at the turn of the millennium -- The "peace process" in U.S. global strategy -- The current crisis in the Middle East -- Prospects for peace in the Middle East -- al-Aqsa Intifada -- United States-Israel-Palestine -- 9-11 and the redeclared war on terror -- the "new age of terror". aThis volume presents chapters written by the author about the myths behind the peace process, the second Palestinian Intifada, and the Bush administration's response to the September 11 attacks on the United States, including its drive toward another war with Iraq. 7aArab-Israeli conflicty1993-xPeace.2BUEsh929308 7aNationalismzPalestine.2BUEsh 7aAl-Aqsa Intifada, 2000-2BUEsh 7aUnited StatesxRelationszIsrael.2BUEsh932322 7aIsraelxRelationszUnited States.2BUEsh932323 bMASPPSScSeptember2019423Contributor biographical informationuhttp://www.loc.gov/catdir/enhancements/fy1112/2002155349-b.html413Table of contents onlyuhttp://www.loc.gov/catdir/enhancements/fy1112/2002155349-t.html 2ddccBB 00102ddc40708BaccahaMAINbMAINc2NDd2019-09-29ePurchaseg380.00l0o956.04 CHOp000043487r2025-07-15 00:00:00v475.00w2019-09-29yBB